| 000 | 00317nam a22001097a 4500 | ||
|---|---|---|---|
| 082 | _a629.2223 GEO'W | ||
| 100 |
_aGEORGANE, G. N _956529 |
||
| 245 | _aTHE WORLD'S COMMERCIAL VEHICLES 1830-1964 A RECORD OF 134 YEARS OF COMMERCIAL VEHICLES PRODUCTION | ||
| 260 |
_aLONDON _bTEMPLE _c1965 |
||
| 300 | _a122P | ||
| 942 | _cBK | ||
| 999 |
_c566919 _d566919 |
||